| 000 | 00776nam a2200229Ia 4500 | ||
|---|---|---|---|
| 001 | 9087 | ||
| 003 | GE_BSU | ||
| 008 | 181216s||||||||xx |||||||||||||| ||und|| | ||
| 040 | _cGE_BSU | ||
| 080 | _a821.353.1-32+821-32 | ||
| 100 | _aლომიძე,ანდრო | ||
| 245 | _aმონადირის გული | ||
| 245 | _bმოთხრობები,თარგმანები | ||
| 245 | _cრედ:ე.უბილავა;მხატვ: გ.გიგაური | ||
| 260 | _aთბილისი. | ||
| 260 | _bნაკადული. | ||
| 260 | _c1966 | ||
| 300 | _a141გვ;20სმ. | ||
| 653 | _aმოთხრობები,თარგმანები | ||
| 653 | _aმონადირის გული | ||
| 942 | _cBK | ||
| 999 |
_c42391 _d42391 |
||